000 00591nmm a2200193Ia 4500
008 251105s9999||||xx |||||||||||||||||und||
020 _a8477338361
041 _aspa
100 _aAscaso, Joaquín
245 0 _aMemorias (1936-1938) : hacia un nuevo Aragón
264 _a[Madrid, España] :
_bPrensas Universitarias de Zaragoza,
_c2006
300 _a297 páginas
490 _aLarumbe. Textos aragoneses
650 _aBiography
700 _aAscaso, Joaquín
700 1 _a Díez Torre, Alejandro R. (ed.)
856 _uhttps://public.digitaliapublishing.com/a/2139
942 _cCF
999 _c62178
_d62178